CHAPMAN & NAKIELNY'S AIDS TO RADIOLOGICAL DIFFERENTAL DIAGNOSIS (Record no. 31129)

MARC details
000 -LEADER
fixed length control field 00458nam a22001697a 4500
003 - CONTROL NUMBER IDENTIFIER
control field SGT
020 ## - INTERNATIONAL STANDARD BOOK NUMBER
International Standard Book Number 9780702075391
082 ## - DEWEY DECIMAL CLASSIFICATION NUMBER
Classification number 616.0757
Item number C20R
100 ## - MAIN ENTRY--PERSONAL NAME
Personal name REFIEE, HAMEED
245 ## - TITLE STATEMENT
Title CHAPMAN & NAKIELNY'S AIDS TO RADIOLOGICAL DIFFERENTAL DIAGNOSIS
250 ## - EDITION STATEMENT
Edition statement 7TH
260 ## - PUBLICATION, DISTRIBUTION, ETC. (IMPRINT)
Place of publication, distribution, etc INDIA
Name of publisher, distributor, etc ELSEVIER PUB
Year of Publication 2020
300 ## - PAGE DESCRIPTION
No. of Pages 691
650 ## - SUBJECT ADDED ENTRY--TOPICAL TERM
Topical term or geographic name as entry element RADIOLOGY
653 ## - KEYWORDS--INDEX TERM
Keyword term CHAPMAN & NAKIELNY'S AIDS TO RADIOLOGICAL DIFFERENTAL DIAGNOSIS
942 ## - ADDED ENTRY ELEMENTS (KOHA)
Source of classification or shelving scheme Dewey Decimal Classification
Koha item type Books
Holdings
Withdrawn status Lost status Source of classification or shelving scheme Damaged status Not for loan Collection code Home library Current library Shelving location Date acquired Vendor Name Cost, normal purchase price SGTU Bill Number Total Checkouts Full call number Accession No. (Barcode) Date last seen Bill Date Koha item type
    Dewey Decimal Classification   Not For Loan MEDICAL SGT Medical Library SGT Medical Library Reference Book 24/03/2025 ABC DELHI 2910.00 SGTU 20805   616.0757 C20R FM15379 16/05/2025 24/03/2025 Books